| 000 | 00793cam a22002053a 4500 | ||
|---|---|---|---|
| 001 | 39184 | ||
| 003 | PGUSA | ||
| 005 | 20140828083853.0 | ||
| 008 | 120317s2012||||xxu|||||s|||||000 | eng d | ||
| 040 |
_aPGUSA _beng |
||
| 042 | _adc | ||
| 100 | 1 |
_aBradley, Marion Zimmer, _d1930-1999 |
|
| 245 | 1 | 0 |
_aChecklist : _bA complete, cumulative Checklist of lesbian, variant and homosexual fiction, in English or available in English translation, with supplements of related material, for the use of collectors, students and librarians. _h[electronic resource] / _cMarion Zimmer Bradley |
| 260 |
_bProject Gutenberg, _c2012 |
||
| 506 | _aPublic domain in the USA. | ||
| 516 | _aElectronic text | ||
| 830 | 0 |
_aProject Gutenberg _v39184 |
|
| 856 | 4 | 0 | _uhttp://www.gutenberg.org/ebooks/39184 |
| 942 | _cEB | ||
| 999 |
_c268437 _d268437 |
||